| 000 | 00359 a2200157 4500 | ||
|---|---|---|---|
| 001 | 156808 | ||
| 020 | _a978852602242 | ||
| 040 | _cEscola São Tomás de Aquino | ||
| 100 | _aQUEIRÓS, Bartolomeu Campos de | ||
| 240 | 1 | 0 |
_aDe bichos e não só _lpor |
| 245 | 1 | 0 | _aDe bichos e não só |
| 300 | _a31 | ||
| 362 | 0 | _a2016 | |
| 697 | _aPoesia | ||
| 942 | _cBK | ||
| 999 |
_c156808 _d156808 |
||